Selected reflections on the Indian presidency : essays in honour of president Shri Pranab Mukherjee (Record no. 503366)

000 -LEADER
fixed length control field 00531cam a22001577a 4500
008 - FIXED-LENGTH DATA ELEMENTS--GENERAL INFORMATION
fixed length control field 180718b2017 xxu||||| |||| 00| 0 eng d
020 ## - INTERNATIONAL STANDARD BOOK NUMBER
International Standard Book Number 9789382823636
082 ## - DEWEY DECIMAL CLASSIFICATION NUMBER
Classification number I21x54 M295s
100 ## - MAIN ENTRY--PERSONAL NAME
Personal name Malik, Lokendra
245 ## - TITLE STATEMENT
Title Selected reflections on the Indian presidency : essays in honour of president Shri Pranab Mukherjee
Statement of responsibility, etc. by Lokendra Malik
260 ## - PUBLICATION, DISTRIBUTION, ETC.
Place of publication, distribution, etc. New Delhi
Name of publisher, distributor, etc. Satyam
Date of publication, distribution, etc. 2017
300 ## - PHYSICAL DESCRIPTION
Extent 186p.
650 ## - SUBJECT ADDED ENTRY--TOPICAL TERM
Topical term or geographic name entry element Executive power -- India
650 ## - SUBJECT ADDED ENTRY--TOPICAL TERM
Topical term or geographic name entry element Constitutional law -- India
650 ## - SUBJECT ADDED ENTRY--TOPICAL TERM
Topical term or geographic name entry element Presidents -- India -- Biography
Holdings
Withdrawn status Lost status Damaged status Not for loan Permanent Location Current Location Date acquired Full call number Barcode Date last seen Price effective from Koha item type
        Indian Institute of Public Administration Indian Institute of Public Administration 2018-08-04 I21x54 M295s GR19887 2019-04-11 2018-08-04 GR

Powered by Koha